000
00246nam a22000977a 4500
100
_a
Raghavan, K.N
245
_a
Rubberkrishi: Prathisandhikalum pratheekshakalum
260
_b
Rubber, 681(February): 10-13.
_c
2023
650
_a
Chairman
942
_c
JS
999
_c
74980
_d
74980